Federated States of Micronesia : Staff Report for the 2015 Article IV Consultation.

This 2015 Article IV Consultation highlights that Micronesia's economy is stagnating, as externally funded infrastructure projects are moving slowly. Difficulties in the business climate, in particular those related to land tenure issues, continue to hold back private sector development. Real G...

Disgrifiad llawn

Manylion Llyfryddiaeth
Awdur Corfforaethol: International Monetary Fund. Asia and Pacific Dept
Fformat: Cylchgrawn
Iaith:English
Cyhoeddwyd: Washington, D.C. : International Monetary Fund, 2015.
Cyfres:IMF Staff Country Reports; Country Report ; No. 2015/128
Mynediad Ar-lein:Full text available on IMF
LEADER 01792cas a2200241 a 4500
001 AALejournalIMF015244
008 230101c9999 xx r poo 0 0eng d
020 |c 5.00 USD 
020 |z 9781513565026 
022 |a 1934-7685 
040 |a BD-DhAAL  |c BD-DhAAL 
110 2 |a International Monetary Fund.  |b Asia and Pacific Dept. 
245 1 0 |a Federated States of Micronesia :   |b Staff Report for the 2015 Article IV Consultation. 
264 1 |a Washington, D.C. :  |b International Monetary Fund,  |c 2015. 
300 |a 1 online resource (60 pages) 
490 1 |a IMF Staff Country Reports 
500 |a <strong>Off-Campus Access:</strong> No User ID or Password Required 
500 |a <strong>On-Campus Access:</strong> No User ID or Password Required 
506 |a Electronic access restricted to authorized BRAC University faculty, staff and students 
520 3 |a This 2015 Article IV Consultation highlights that Micronesia's economy is stagnating, as externally funded infrastructure projects are moving slowly. Difficulties in the business climate, in particular those related to land tenure issues, continue to hold back private sector development. Real GDP growth of about 0.1 percent is estimated for the fiscal year 2014. The Micronesian economy is projected to grow at 0.6 percent in the medium term, while risks on the outlook are tilted to the downside. Growth in 2015 is projected to remain subdued at 0.3 percent, while consumer prices are projected to further decline to negative 1.0 percent thanks to the continued pass through of low oil prices. 
538 |a Mode of access: Internet 
830 0 |a IMF Staff Country Reports; Country Report ;  |v No. 2015/128 
856 4 0 |z Full text available on IMF  |u http://elibrary.imf.org/view/journals/002/2015/128/002.2015.issue-128-en.xml  |z IMF e-Library